000
00252nam a2200097Ia 4500
001
692304
005
20250826161852.0
008
250824s9999 xx 000 0 und d
245
0
_a
HACI MURAT (ANTİK YENİ)
_c
TOLSTOY
260
_b
ANTİK DÜNYA KLASİKLERİ
999
_c
692304
_d
692304